Синтез и постмодификация основной цепи метатезисных и кремнийзамещенных полинорборненов: автореферат диссертации на соискание ученой степени кандидата химических наук; спец. 1.4.7

Détails bibliographiques
Auteur principal: Моронцев А. А. Александр Алексеевич
Collectivité auteur: Российская академия наук Институт нефтехимического синтеза им. А. В. Топчиева Лаборатория кремнийорганических и углеводородных циклических соединений
Autres auteurs: Грингольц М. Л. Мария Леонидовна (научный руководитель)
Résumé:Защита сост. 02.12.2021 г.
Langue:russe
Publié: Москва, [Б. и.], 2021
Sujets:
Format: MixedMaterials Livre
KOHA link:https://koha.lib.tpu.ru/cgi-bin/koha/opac-detail.pl?biblionumber=346605

MARC

LEADER 00000nam0a2200000 4500
001 346605
005 20231102005914.0
035 |a (RuTPU)RU\TPU\book\378488 
090 |a 346605 
100 |a 20211027d2021 k y0rusy50 ca 
101 0 |a rus 
102 |a RU 
105 |a a dm 001zy 
200 1 |a Синтез и постмодификация основной цепи метатезисных и кремнийзамещенных полинорборненов  |e автореферат диссертации на соискание ученой степени кандидата химических наук  |e спец. 1.4.7  |f А. А. Моронцев  |g Российская академия наук, Институт нефтехимического синтеза им. А. В. Топчиева, Лаборатория кремнийорганических и углеводородных циклических соединений ; науч. рук. М. Л. Грингольц 
210 |a Москва  |c [Б. и.]  |d 2021 
215 |a 24 с.  |c ил. 
300 |a Защита сост. 02.12.2021 г. 
320 |a Библиогр.: с. 23-24 (14 назв.) 
606 1 |a Полимеры  |x Синтез  |2 stltpush  |3 (RuTPU)RU\TPU\subj\50297  |9 69005 
610 1 |a норборнен 
610 1 |a реакции 
610 1 |a метатезисная полимеризация 
610 1 |a полинорборнены 
610 1 |a цепи 
610 1 |a двойные связи 
610 1 |a модификация 
610 1 |a гомополимеры 
610 1 |a кремнийзамещенные полинорборнены 
610 1 |a эпоксидирование 
610 1 |a межцепные реакции 
610 1 |a кросс-метатезис 
610 1 |a авторефераты диссертаций 
675 |a 678.02(04)  |v 4 
686 |a 1.4.7  |2 oksvnk 
700 1 |a Моронцев  |b А. А.  |g Александр Алексеевич 
702 1 |a Грингольц  |b М. Л.  |g Мария Леонидовна  |4 727 
712 0 2 |a Российская академия наук  |b Институт нефтехимического синтеза им. А. В. Топчиева  |b Лаборатория кремнийорганических и углеводородных циклических соединений  |c (Москва)  |c (1991- )  |2 stltpush  |3 (RuTPU)RU\TPU\col\1521 
801 1 |a RU  |b 63413507  |c 20211027 
801 2 |a RU  |b 63413507  |c 20211203  |g RCR 
942 |c BK